Guide de comptabilité << Le secret>> : (Record no. 63425)

MARC details
000 -LEADER
fixed length control field 00668nam a22002177a 4500
003 - CONTROL NUMBER IDENTIFIER
control field 00
005 - DATE AND TIME OF LATEST TRANSACTION
control field 20240607162411.0
008 - FIXED-LENGTH DATA ELEMENTS--GENERAL INFORMATION
fixed length control field 240607b |||||||| |||| 00| 0 eng d
020 ## - NUMERO INTERNATIONAL NORMALISE DES LIVRES
International Standard Book Number 978-999-892-9-7
040 ## - SOURCE DU CATALOGAGE
Original cataloging agency BUAC
Language of cataloging BUC
Transcribing agency Fre
100 ## - VEDETTE PRINCIPALE - NOM DE PERSONNE
Personal name Sangnidjo Expédi G.
245 ## - TITLE STATEMENT
Title Guide de comptabilité << Le secret>> :
Remainder of title La comptabilité générale
Statement of responsibility, etc Expédi G. Sangnidjo
250 ## - EDITION STATEMENT
Edition statement éd. 4ème
260 ## - PUBLICATION, DISTRIBUTION, ETC. (IMPRINT)
Place of publication, distribution, etc Abomey-Calavi
Name of publisher, distributor, etc Ohada
Date of publication, distribution, etc 2018
300 ## - PHYSICAL DESCRIPTION
Extent 709
Other physical details Couv. en coul
Dimensions 26 cm
630 ## - SUBJECT ADDED ENTRY--UNIFORM TITLE
Uniform title SCIENCES APPLIQUEES .MEDECINE. TECHNOLOGIE
650 ## - SUBJECT ADDED ENTRY--TOPICAL TERM
Topical term or geographic name as entry element COMPTABILITE
651 ## - SUBJECT ADDED ENTRY--GEOGRAPHIC NAME
Geographic name Comptabilité : manuel
651 ## - SUBJECT ADDED ENTRY--GEOGRAPHIC NAME
Geographic name Comptabilité : enseignement
942 ## - ADDED ENTRY ELEMENTS (KOHA)
Source of classification or shelving scheme Dewey Decimal Classification
Koha item type Libre Accès
Holdings
Withdrawn status Lost status Source of classification or shelving scheme Damaged status Not for loan Location (home branch) Sublocation or collection (holding branch) Shelving location Date acquired Source of acquisition Coded location qualifier Koha issues (times borrowed) Koha full call number Piece designation (barcode) Koha date last seen Copy number Price effective from Koha item type
    Dewey Decimal Classification     Bibliothèque Universitaire Centrale Bibliothèque Universitaire Centrale   07/06/2024 ACHAT 21/0317   657 SAN 21-0317Buc 07/06/2024 1 07/06/2024 Libre Accès


© 2008, Bibliothèques de l'Université d'Abomey-Calavi

04 BP 789 Cotonou, Tél. : +229 21 36 01 01, Fax : +229 21 35 06 32

Courriel : bu@bu.uac.bj